00353nam a2200145Ia 4500008004100000020001800041082001200059100001700071245002800088250000800116260002800124300001300152600002100165650002100186241115s9999 xx 000 0 und d a81-7656-560-1 a004 SIN aSinha, P. K. 0aFoundation of Computing a.NA bBPB Publicationsc2002: axx,589p. aComputer Science aComputer Science